|
|
|
|
| LEADER |
00000nam a22000007a 4500 |
| 005 |
20200306003650.0 |
| 007 |
cr|||| ||| |
| 008 |
200306s2019 br |||||s|||| 00||0 por d |
| 020 |
|
|
|a 978-85-69220-60-2
|
| 035 |
|
|
|a 31129
|
| 040 |
|
|
|a vLex
|
| 090 |
|
|
|c 10196
|d 10196
|
| 100 |
1 |
|
|a Pereira Nobre Jn︢ior, Edilson
|
| 245 |
1 |
2 |
|a As normas de direito pb︢lico na lei de introduȯ̂ ao direito brasileiro
|h [Recurso electrn̤ico] /
|c Edilson Pereira Nobre Jn︢ior
|
| 256 |
|
|
|a Servicio en ln̕ea
|
| 260 |
|
|
|a San Pablo:
|b Editora ContraCorrente,
|c 2019
|
| 300 |
|
|
|a 1 recurso electrn̤ico
|
| 500 |
|
|
|a Paradigmas para interpretaȯ̂ e aplicaȯ̂ do Direito Administrativo.
|
| 506 |
1 |
|
|a Disponible solo en los productos indicados
|d vLex Global
|d vLex Global (Academic Edition, excluding Law Schools)
|d vLex Global (U.S. Academic Edition, Law Schools)
|d vLex Global (U.S. Academic Edition, excluding Law Schools)
|d vLex Global (Academic Edition, Law Schools)
|
| 650 |
0 |
4 |
|a Derecho Pb︢lico y Administrativo
|z Brasil
|
| 740 |
0 |
|
|a vLex Libros (Servicio en ln̕ea)
|
| 856 |
4 |
0 |
|u http://vlex.com/source/normas-direito-publico-lei-introdu-o-direito-brasileiro-31129
|z Acceso restringido
|
| 942 |
|
|
|c BOOK
|
| 999 |
0 |
|
|a Public and Administrative Law
|